000 01092nam a22002537a 4500
003 PE SENCICO BE
005 20251020182639.0
008 230622b |||||||| |||| 00| 0 eng d
040 _aPE SENCICO BE
_cPE SENCICO BE
084 _aI
_aTOP
_a2017
_bZ96
100 1 _91182
_aZurita Palomino, Angel Leonardo
_eautor
245 1 _aAnálisis de datos espaciales urbanos entre el levantamiento topográfico y la aplicación de un vuelo drone /
_cAngel Leonardo Zurita Palomino
260 _aLima :
_c2017
300 1 _a104 h. :
_bil. col., tabls., planos ;
_c19 cm.
502 _aServicio Nacional de Capacitación para la Industria de la Construcción. Escuela Superior Técnica. Carrera Profesional Técnica en Topografía y Geodesía, 2017.
504 _aBibliografía: h. 103
650 1 4 _94
_aTopografía
650 2 4 _9116
_aLevantamiento topográfico
650 2 4 _91164
_aDrones
650 2 4 _9414
_aFotogrametría aérea
710 1 _aServicio Nacional de Capacitación para la Industria de la Construcción.
_bEscuela Superior Técnica
_91065
910 _bhfp
_chfp
942 _cMON
999 _c4214
_d4214